Most Popular Exercise Activities - United States - Statistics

General Stats
  • This quiz has been taken 185 times
  • The average score is 9 of 15
Answer Stats
Ranking Activity % Correct
3 Running
90%
4 Swimming, surfing, water skiing
83%
5 Basketball
80%
12 Football
80%
10 Baseball, softball
77%
9 Soccer
70%
1 Walking
70%
2 Weight lifting
70%
6 Cycling
60%
6 Golfing
51%
7 Yoga
46%
2 Cardiovascular equipment
38%
11 Dancing
35%
8 Aerobics
25%
11 Bowling
18%
No matching quizzes found
Score Distribution
Percent of People with Each Score
Percentile by Number Answered
Your Score History
You have not taken this quiz